000 00402nam a22001697a 4500
005 20160701145834.0
008 160701b xxu||||| |||| 00| 0 eng d
020 _a978-93-5014-209-7
041 _aeng
082 _b18613
100 _aUpadhyay, A K
_93267
245 _aSteel Structures
260 _bS.K. Kataria & Sons
_c2012
300 _a347
650 _aDiploma Engineering
_9817
942 _cBK
999 _c5104
_d5102